000 00854nam a22002537a 4500
003 0
005 20251010150630.0
008 251010b xxu||||| |||| 00| 0 eng d
020 _a978-1-84749-484-9
050 _aPR 4034
_b.S46 2020
100 _aAusten, Jane,
_d1775-1817,
_eauthor.
245 _aSense and sensibility /
_cJane Austen ; with notes and extra material.
250 _aAlma Classics edition.
260 _aRichmond, Surrey :
_bAlma Classics,
_c2020.
300 _a298 pages ;
_c20 cm.
500 _aOriginally published in 1811. Includes notes, extra material, and a select bibliography.
504 _aIncludes bibliographical references.
650 _aSisters
_vFiction.
650 _aEngland
_vFiction.
650 _aYoung women
_vFiction.
700 _aAusten, Jane,
_d1775-1817.
830 _aAlma Classics.
942 _2lcc
_cBK
999 _c368218
_d368218